Ihr einziger Nummer 1-Hit - Statistiken

Allgemein
  • Dieses Quiz wurde 6.195 mal gespielt
  • Das Durchschnittsergebnis liegt bei 9 aus 26
Antwortstatistiken
Interpret #1 Song % Korrekt
Helene Fischer Atemlos (2023)
85%
Lena Meyer-Landrut Satellite
68%
A-ha Take On Me
61%
Peter Schilling Major Tom (völlig losgelöst)
57%
Lou Bega Mambo No. 5 (A Little Bit of…)
53%
Scorpions Wind of Change
53%
Céline Dion My Heart Will Go On
50%
Spice Girls Wannabe
47%
Pink Floyd Another Brick in the Wall (Part II)
43%
Jürgen Drews Ein Bett im Kornfeld
41%
Nicole Ein bisschen Frieden
40%
Geier Sturzflug Bruttosozialprodukt
38%
Marteria Lila Wolken
37%
Udo Lindenberg Komet
36%
Alphaville Big in Japan
35%
Cher Believe
34%
Sido Astronaut
30%
Metallica Enter Sandman
26%
Elvis Presley In The Ghetto
11%
Die Fantastischen Vier Sie ist weg
11%
Bruce Springsteen Streets of Philadelphia
9%
Aerosmith I Don’t Want to Miss a Thing
8%
Led Zeppelin Whole Lotta Love
7%
Simon & Garfunkel El Condor Pasa (If I Could)
5%
Tina Turner We Don’t Need Another Hero
5%
Beyoncé Beautiful Liar
2%
Keine übereinstimmenden Quizze gefunden
Verteilung der Resultate
Anzahl Personen mit jedem Resultat
Perzentil nach korrekt beantworteten Fragen
Ihre Resultats-Entwicklung
Sie haben dieses Quiz noch nicht gespielt